|
|
|
|
| LEADER |
00000nab a2200000 a 4500 |
| 001 |
vtls000822523 |
| 003 |
SK-MaSNL |
| 005 |
20260304112259.0 |
| 008 |
250429c2002 xo 0 slo |
| 015 |
|
|
|a SNBRB2003/01-02569
|
| 035 |
|
|
|a CLN000174178
|
| 035 |
|
|
|a urn:nbn:sk:snk-abpde
|
| 035 |
|
|
|a (urnnbn)urn:nbn:sk:snk:ar-00399a
|
| 035 |
|
|
|a (uuid)e33c6e7f-c381-432e-908f-c5221b2013b8
|
| 040 |
|
|
|a SNKBUCL
|b slo
|c SNKBUCL
|e AACR2
|
| 041 |
0 |
|
|a hun
|
| 044 |
|
|
|a xo
|c SK
|
| 080 |
|
|
|a 82.033:894.511-3
|2 1997
|
| 080 |
|
|
|a 894.511-3.033
|2 1997
|
| 100 |
1 |
|
|a Vaderna, Gábor
|4 aut
|9 1406785
|
| 245 |
1 |
0 |
|a EgészPályis letámadás
|b (Pályi András: ltem)
|c Vaderna Gábor
|
| 300 |
|
|
|b Fotogr.
|
| 504 |
|
|
|a Bibliogr. odkazy
|
| 600 |
1 |
7 |
|a Pályi, András,
|d 1942-.
|t ltem
|2 snkbucl
|9 24496
|
| 655 |
|
7 |
|a články z novín a časopisov
|2 snkbucl
|9 267496
|
| 773 |
0 |
|
|t Kalligram
|g Č. 12 (2002), s. 17-29
|x 1335-1826
|
| 850 |
|
|
|a Slovenská národná knižnica
|
| 852 |
|
|
|a Slovenská národná knižnica
|
| 958 |
|
|
|a article27
|
| 958 |
|
|
|a OND
|
| 958 |
|
|
|a HU
|
| 958 |
|
|
|a NB
|
| 958 |
|
|
|a LX
|
| 992 |
|
|
|a RBX
|
| 999 |
|
|
|c 2865026
|d 2866956
|